Statistiche per Squadre con il Miglior attacco in Serie A

Clicka qui per fare il quiz!

Statistiche generali

  • Questo quiz è stato fatto 29 volte
  • Il punteggio medio è 11 su 13

Statistiche sulle risposte

Stagioni con il miglior attaccoSquadra% Corretto
21Inter
100%
24Juventus
100%
5Lazio
100%
17Milan
100%
6Napoli
100%
9Roma
100%
5Torino
93%
3Atalanta
89%
1Genoa
89%
2Bologna
85%
3Sampdoria
85%
1Vicenza
26%
2Firoentina
0%

Distribuzione punteggi

Percentile per numero di risposta

Percentuale di utenti per punteggio

I tuoi punteggi nel tempo

Non hai fatto questo quiz